000 00449nam a2200181Ia 4500
001 18484
005 20260306171634.0
008 260306s9999||||xx |||||||||||||| ||und||
041 _aESP
082 _a658.406
_bG15
100 _aGalliani, Luis
_eAUT
245 0 _a¡Cómo no lo supe antes!:
_bel crecimiento personal como secreto del éxito
260 _c2003
300 _a
_c
650 _aGEN
654 _aCAN
942 _cLIB
_dJUS
_fJUS
_2ddc
_n
999 _c18484
_d18484